[Event "1/4 Finale"]
[Site "www.chess-mail.com"]
[Date "2018.03.15"]
[Round "1"]
[White "Jose"]
[Black "Egdiogel"]
[WhiteElo "2830"]
[BlackElo "2400"]
[Result "1-0"]
[Round "1"]
1.Ng1f3 Ng8f6
2.d4 g6
3.c4 c6
4.Nb1c3 d5
5.e3 a6
6.Bf1e2 Bf8g7
7.b3 O-O
8.O-O Bc8f5
9.h3 b5
10.Bc1b2 dxc4
11.bxc4 Nb8d7
12.Rf1e1 Ra8b8
13.Ra1c1 Rf8e8
14.Be2f1 b4
15.Nc3a4 Qd8a5
16.c5 Nf6e4
17.Bf1c4 e5
18.dxe5 Re8d8
19.Bb2d4 Nd7xe5
20.Nf3xe5 Bg7xe5
21.g4 Bf5e6
22.Bc4xe6 fxe6
23.Qd1b3 Rd8d5
24.Na4b6 { resign }
1-0

[Event "Fast Game"]
[Site "www.echecsemail.com"]
[Date "2018.03.15"]
[Round "1"]
[White "Sefj"]
[Black "Hennie4820"]
[WhiteElo "1769"]
[BlackElo "1670"]
[Result "0-1"]
[Round "1"]
1.Ng1f3 Ng8f6
2.b3 g6
3.Bc1b2 Bf8g7
4.e3 O-O
5.g3 d6
6.d3 Nb8d7
7.Nb1c3 e5
8.a4 a5
9.Bf1g2 Nd7b6
10.e4 Nf6e8
11.Nc3b5 c6
12.Nb5c3 f5
13.exf5 Bc8xf5
14.O-O Qd8d7
15.Nf3d2 Ne8f6
16.Nc3e2 Bf5h3
17.Nd2e4 Bh3xg2
18.Kxg2 Ra8d8
19.Ne4xf6 Rf8xf6
20.f4 Rf6e6
21.fxe5 Bg7xe5
22.Bb2xe5 Re6xe5
23.Ne2f4 Rd8e8
24.c4 Qd7e7
25.Ra1a2 Nb6d7
26.Ra2f2 Nd7c5
27.Qd1g4 Nc5xb3
28.Nf4xg6 hxg6
29.Qg4xg6 Qe7g7
30.Qg6xd6 Re5e2
31.Rf2xe2 Re8xe2
32.Kh1 Nb3d2
33.Qd6d8 Kh7
34.Qd8h4 Kg8
35.Rf1f5 Qg7a1
{ resign }
0-1

[Event "Fast Game"]
[Site "www.echecsemail.com"]
[Date "2018.03.15"]
[Round "1"]
[White "Pellix84"]
[Black "Sefj"]
[WhiteElo "1580"]
[BlackElo "1599"]
[Result "1/2-1/2"]
[Round "1"]
1.d4 c6
2.c4 d5
3.Nb1c3 Bc8g4
4.h3 Bg4f5
5.Qd1b3 e5
6.e3 exd4
7.exd4 Nb8d7
8.Qb3xb7 c5
9.Qb7xd5 Bf5e6
10.Qd5c6 cxd4
11.Nc3b5 Ra8c8
12.Qc6b7 Be6xc4
13.Bf1xc4 Rc8xc4
14.a3 d3
15.Ng1f3 Rc4c2
16.O-O Bf8c5
17.Qb7e4 Bc5e7
18.Qe4xd3 Rc2c6
19.Rf1e1 Kf8
20.Nb5xa7 Rc6d6
21.Qd3f5 g6
22.Qf5f4 Nd7c5
23.b4 Nc5d3
24.Qf4e4 Rd6e6
25.Na7c6 Re6xe4
26.Nc6xd8 Nd3xe1
27.Bc1b2 Ne1xf3
28.gxf3 Re4h4
29.Nd8xf7 Kxf7
30.Bb2xh8 Rh4xh3
31.Kg2 Rh3h5
32.Bh8d4 Rh5d5
33.Bd4c3 Rd5d3
34.Bc3e1 Be7f6
35.Ra1a2 Ng8h6
36.a4 Nh6f5
37.b5 Nf5h4
38.Kf1 Rd3xf3
39.b6 Bf6d4
40.a5 Rf3b3
41.Ra2a4 Nh4f3
42.Ra4b4 Rb3a3
43.b7 Bd4e5
44.Rb4b5 Be5b8
45.Be1b4 Ra3a1
46.Kg2 Nf3d4
47.Rb5b6 Ke8
48.Bb4c3 Ra1a4
49.Bc3xd4 Ra4xd4
50.Rb6c6 Kd7
51.Rc6c8 Bb8a7
52.Rc8a8 Kc7
53.Ra8xa7 Kb8
54.Ra7a8 Kxb7
55.Ra8h8 Rd4d7
56.Kg3 Ka6
57.Rh8a8 Rd7a7
58.Ra8xa7 Kxa7
59.Kg4 Ka6
60.Kg5 h5
61.f4 Kxa5
62.Kxg6 h4
63.f5 h3
64.f6 h2
65.f7 h1Q
66.f8Q Qh1e4
67.Qf8f5 { draw }
1/2-1/2

[Event "Fast Game"]
[Site "www.echecsemail.com"]
[Date "2018.03.15"]
[Round "1"]
[White "Pforjan"]
[Black "Hennie4820"]
[WhiteElo "1599"]
[BlackElo "1710"]
[Result "1-0"]
[Round "1"]
1.d4 Ng8f6
2.Ng1f3 g6
3.Bc1f4 Bf8g7
4.e3 d6
5.Bf1e2 O-O
6.O-O Nb8d7
7.h3 Rf8e8
8.Bf4h2 e5
9.c3 e4
10.Nf3d2 d5
11.c4 c6
12.Nb1c3 Nd7f8
13.b4 a6
14.a4 Re8e7
15.b5 axb5
16.axb5 Ra8xa1
17.Qd1xa1 Nf6e8
18.bxc6 bxc6
19.Qa1a8 Qd8d7
20.cxd5 Bc8b7
21.dxc6 Bb7xc6
22.Qa8a3 f5
23.Nd2c4 Nf8e6
24.Nc4e5 Bg7xe5
25.Bh2xe5 Ne8c7
26.Be2c4 Re7e8
27.Be5xc7 Qd7xc7
28.Bc4xe6 Re8xe6
29.d5 { resign }
1-0

[Event "Tourn. n9762"]
[Site "www.chess-mail.com"]
[Date "2018.03.16"]
[Round "1"]
[White "Fantomas"]
[Black "Reda"]
[WhiteElo "2300"]
[BlackElo "2159"]
[Result "1-0"]
[Round "1"]
1.d4 d5
2.Ng1f3 Bc8f5
3.Bc1f4 Nb8c6
4.a3 e6
5.Nb1c3 g6
6.h3 Bf8d6
7.Bf4g5 f6
8.Bg5e3 Qd8e7
9.Nf3h4 O-O-O
10.g4 Bf5e4
11.f3 g5
12.Nh4g2 Be4g6
13.Be3f2 e5
14.Nc3b5 a6
15.Nb5xd6 Qe7xd6
16.dxe5 fxe5
17.Qd1d2 e4
18.f4 gxf4
19.Ng2xf4 d4
20.Bf2g3 e3
21.Qd2c1 Qd6c5
22.Nf4e6 Qc5a5
23.b4 Nc6xb4
24.axb4 Qa5xb4
25.Kd1 Rd8d6
26.Bg3xd6 Qb4xd6
27.Ne6g5 Ng8f6
28.Qc1a3 Qd6c6
29.Ng5f3 Rh8e8
30.Qa3b2 Nf6d5
31.Rh1h2 Nd5c3
32.Ke1 Qc6d6
33.Rh2g2 Nc3b5
34.Ra1d1 Nb5a3
35.Rd1c1 Na3c4
36.Qb2xd4 Qd6b4
37.c3 Qb4b2
38.Rc1d1 Kb8
39.Qd4xc4 Bg6c2
40.Qc4b4 Qb2xb4
41.cxb4 Re8e4
42.Rd1c1 Bc2a4
43.Nf3g5 Re4xb4
44.Rg2g3 h6
45.Ng5f7 { resign }
1-0

[Event "Tourn. n9641"]
[Site "www.chess-mail.com"]
[Date "2018.03.16"]
[Round "1"]
[White "Awfen"]
[Black "Sahlapalat"]
[WhiteElo "2060"]
[BlackElo "1890"]
[Result "0-1"]
[Round "1"]
1.e4 c5
2.Nb1c3 Nb8c6
3.Ng1f3 d6
4.Bf1c4 e6
5.O-O Ng8f6
6.a3 Bf8e7
7.d3 O-O
8.Bc1d2 a6
9.Bc4a2 b5
10.Nc3e2 Bc8b7
11.Ne2g3 Ra8c8
12.Nf3g5 d5
13.exd5 Nf6xd5
14.Ng3e4 h6
15.Ng5h3 Nc6e5
16.f4 Ne5g6
17.Kh1 Qd8c7
18.f5 exf5
19.Rf1xf5 Rc8d8
20.Qd1e1 Qc7d7
21.Rf5f1 Rd8e8
22.Qe1g3 Re8c8
23.Nh3f4 Nd5xf4
24.Bd2xf4 c4
25.Ne4f2 Be7h4
26.Qg3g4 Qd7xg4
27.Nf2xg4 cxd3
28.cxd3 Rc8c2
29.Ng4e3 Rc2xb2
30.Bf4d6 Bh4e7
31.Bd6xe7 Ng6xe7
32.Kg1 g6
33.d4 Ne7f5
34.Rf1f2 Rb2xa2
35.Ra1xa2 Nf5xe3
36.Ra2e2 Ne3f5
37.Re2d2 Rf8d8
38.Rf2f4 Bb7d5
39.Kf2 Rd8c8
40.g3 Rc8c3
41.g4 Nf5d6
42.Rd2e2 Rc3xa3
43.Rf4f6 Nd6e4
{ resign }
0-1

[Event "Tourn. n9679"]
[Site "www.chess-mail.com"]
[Date "2018.03.16"]
[Round "1"]
[White "Sahlapalat"]
[Black "Francesco"]
[WhiteElo "2080"]
[BlackElo "2130"]
[Result "1-0"]
[Round "1"]
1.d4 Ng8f6
2.c4 g6
3.Nb1c3 Bf8g7
4.e4 d6
5.Ng1f3 O-O
6.Bf1e2 Nb8d7
7.O-O e5
8.Bc1e3 exd4
9.Nf3xd4 Rf8e8
10.Qd1c2 Nd7c5
11.f3 Nc5e6
12.Ra1d1 Nf6h5
13.Nd4xe6 Bc8xe6
14.f4 Nh5f6
15.f5 Be6d7
16.Be3g5 Qd8c8
17.Be2d3 Nf6g4
18.h3 Ng4e5
19.Nc3d5 h6
20.Bg5e3 g5
21.f6 Bg7h8
22.Nd5e7 { resign }
1-0

[Event "Tourn. n9728"]
[Site "www.chess-mail.com"]
[Date "2018.03.16"]
[Round "1"]
[White "Fantomas"]
[Black "Coolant"]
[WhiteElo "2290"]
[BlackElo "2270"]
[Result "1-0"]
[Round "1"]
1.e4 d5
2.exd5 Qd8xd5
3.Nb1c3 Qd5a5
4.Ng1f3 Ng8f6
5.h3 c6
6.d3 Bc8f5
7.Bc1d2 Qa5c7
8.Qd1e2 Nb8d7
9.O-O-O O-O-O
10.g3 e5
11.Bf1g2 Bf8d6
12.Nf3g5 Bf5g6
13.Ng5e4 Nf6xe4
14.Nc3xe4 Bd6e7
15.Bd2e3 Qc7a5
16.Kb1 f5
17.Ne4d2 Bg6f7
18.Nd2c4 Qa5a6
19.b3 Bf7d5
20.Bg2f3 b5
21.Nc4b2 b4
22.Bf3xd5 cxd5
23.Qe2e1 Rh8e8
24.f3 d4
25.Be3d2 Qa6b5
26.Nb2c4 a5
27.a4 Qb5d5
28.Qe1f2 Kb7
29.Rh1e1 Be7f6
30.Bd2c1 Nd7b6
31.Nc4xb6 Kxb6
32.g4 g6
33.h4 Re8e6
34.Bc1b2 Re6c6
35.g5 Bf6g7
36.Re1e2 f4
37.Rd1e1 h6
38.gxh6 Bg7xh6
39.Re2xe5 Qd5d7
40.Re5b5 Ka6
41.Re1e5 Qd7c7
42.Bb2xd4 Rc6xc2
43.Rb5xa5 { resign }
1-0

[Event "Tourn. n9668"]
[Site "www.chess-mail.com"]
[Date "2018.03.16"]
[Round "1"]
[White "Sahlapalat"]
[Black "Attatroll"]
[WhiteElo "2060"]
[BlackElo "1960"]
[Result "1-0"]
[Round "1"]
1.c4 e5
2.Nb1c3 Ng8f6
3.Ng1f3 d5
4.cxd5 Nf6xd5
5.g3 Nd5xc3
6.bxc3 Nb8c6
7.Bf1g2 Bf8d6
8.d3 O-O
9.O-O Bc8g4
10.h3 Bg4h5
11.Ra1b1 Ra8b8
12.Qd1a4 a6
13.Rf1e1 f6
14.Bc1e3 Bh5e8
15.Qa4c2 Be8g6
16.Nf3d2 Qd8d7
17.Nd2e4 Nc6e7
18.c4 Ne7c6
19.Qc2a4 Bg6xe4
20.Bg2xe4 Rf8d8
21.Kg2 Qd7c8
22.Be4xc6 bxc6
23.Qa4xc6 Rb8xb1
24.Re1xb1 Qc8d7
25.Qc6xa6 Qd7f5
26.Qa6c6 h5
27.c5 Bd6e7
28.Qc6xc7 Rd8d7
29.Qc7c8 Kf7
30.Rb1b7 Rd7xb7
31.Qc8xf5 { resign }
1-0

[Event "Tourn. n9641"]
[Site "www.chess-mail.com"]
[Date "2018.03.16"]
[Round "1"]
[White "Sahlapalat"]
[Black "Tobernor"]
[WhiteElo "1890"]
[BlackElo "2049"]
[Result "0-1"]
[Round "1"]
1.d4 Ng8f6
2.c4 e6
3.Nb1c3 d5
4.cxd5 exd5
5.Bc1g5 c6
6.Qd1c2 Bf8e7
7.e3 Nb8d7
8.Ng1f3 Nf6h5
9.Bg5xe7 Qd8xe7
10.Bf1e2 g6
11.O-O O-O
12.Ra1b1 Nd7b6
13.Nf3e5 Nh5g7
14.b4 Bc8f5
15.Be2d3 f6
16.Ne5f3 Nb6c4
17.Qc2e2 Bf5xd3
18.Qe2xd3 b5
19.Rf1d1 a5
20.a3 Ng7e8
21.h4 Ne8d6
22.Nc3e2 axb4
23.axb4 Ra8a3
24.Rb1b3 Nc4b2
25.Qd3c2 Ra3xb3
26.Qc2xb3 Nb2xd1
27.Qb3xd1 Nd6c4
28.h5 Rf8a8
29.hxg6 hxg6
30.Nf3h4 Qe7e4
31.g3 Ra8a2
32.Ne2c3 Qe4c2
33.Qd1e1 Ra2b2
34.Nh4xg6 Qc2xg6
{ resign }
0-1

[Event "Tourn. n9701"]
[Site "www.chess-mail.com"]
[Date "2018.03.16"]
[Round "1"]
[White "Llcervello"]
[Black "Osopanda"]
[WhiteElo "1650"]
[BlackElo "1800"]
[Result "0-1"]
[Round "1"]
1.e4 e5
2.Bf1d3 Ng8f6
3.g4 d5
4.Qd1f3 dxe4
5.Bd3xe4 Nf6xe4
6.Qf3xe4 Bf8d6
7.Ng1f3 Nb8c6
8.c3 O-O
9.O-O f5
10.Qe4c4 Kh8
11.g5 e4
12.Nf3d4 Nc6xd4
13.cxd4 Qd8xg5
14.Kh1 Qg5h4
15.f4 Bd6xf4
16.Rf1xf4 Qh4xf4
17.d3 c5
18.Bc1xf4 cxd4
19.Qc4xd4 Bc8e6
20.Nb1c3 exd3
21.Qd4xd3 Ra8d8
 { time }
0-1

[Event "Tourn. n9710"]
[Site "www.chess-mail.com"]
[Date "2018.03.16"]
[Round "1"]
[White "Jjmcbride"]
[Black "Caroluigi"]
[WhiteElo "1660"]
[BlackElo "1400"]
[Result "0-1"]
[Round "1"]
1.e4 e5
2.Ng1f3 Nb8c6
3.d4 exd4
4.Nf3xd4 Bf8c5
5.Nd4xc6 bxc6
6.e5 d6
7.a3 Qd8h4
8.Qd1d2 Qh4e4
9.Qd2e2 Qe4xe5
10.Bc1f4 Qe5e6
11.Nb1c3 Ng8f6
12.O-O-O Qe6xe2
13.Bf1xe2 Bc5xf2
14.Be2f3 Bc8d7
15.Rh1f1 Bf2b6
16.Rd1e1 Kf8
17.g4 Nf6xg4
18.Nc3b5 a6
19.Nb5c3 Ra8e8
20.Re1xe8 Kxe8
21.Rf1e1 Kd8
22.h3 Ng4f2
23.h4 Rh8e8
24.Nc3e4 d5
25.Bf4g5 f6
 { time }
0-1

[Event "Tourn. n9679"]
[Site "www.chess-mail.com"]
[Date "2018.03.16"]
[Round "1"]
[White "Apdash"]
[Black "Sahlapalat"]
[WhiteElo "2240"]
[BlackElo "2080"]
[Result "1-0"]
[Round "1"]
1.e4 c5
2.f4 d5
3.e5 Bc8f5
4.Ng1f3 Nb8c6
5.Bf1b5 e6
6.d4 a6
7.Bb5xc6 bxc6
8.O-O Qd8b6
9.Kh1 Bf5g4
10.c3 cxd4
11.cxd4 Ng8h6
12.Qd1d3 Bg4f5
13.Qd3d1 Bf5g4
14.Qd1d3 c5
15.dxc5 Bf8xc5
16.Nb1c3 Qb6a7
17.Nc3a4 Bg4f5
18.Qd3c3 Bc5e7
19.Qc3c6 Kf8
20.Na4b6 Ra8d8
21.Bc1e3 Nh6g4
22.Be3g1 Bf5e4
23.h3 h5
24.Ra1d1 Kg8
25.Nb6xd5 Be4xd5
26.Rd1xd5 Ng4e3
27.Rd5xd8 Be7xd8
28.Rf1e1 Bd8b6
29.Qc6e8 Kh7
30.Nf3g5 Kg6
31.Qe8xh8 { resign }
1-0

[Event "Tourn. n9697"]
[Site "www.chess-mail.com"]
[Date "2018.03.16"]
[Round "1"]
[White "Bojan"]
[Black "Francesco"]
[WhiteElo "2000"]
[BlackElo "2050"]
[Result "1-0"]
[Round "1"]
1.e4 c6
2.d4 d5
3.e5 Bc8f5
4.Bf1d3 Bf5xd3
5.Qd1xd3 e6
6.Bc1e3 Nb8d7
7.a3 Ng8e7
8.b4 Ne7f5
9.Be3f4 Bf8e7
10.Nb1d2 O-O
11.Ng1f3 b6
12.c4 dxc4
13.Nd2xc4 Ra8c8
14.g4 Nf5h4
15.Nf3xh4 Be7xh4
16.Nc4d6 Rc8b8
17.Bf4g3 Qd8g5
18.Qd3e4 Rf8d8
19.Ke2 c5
20.Ra1g1 cxd4
21.f4 Qg5xg4
22.Kd3 f6
23.Bg3f2 Qg4h5
24.Bf2xd4 f5
25.Qe4e3 Bh4e7
26.Nd6b5 a6
27.Nb5d6 Be7xd6
28.Rg1g5 Qh5f7
29.exd6 g6
30.Ke2 b5
31.h4 Nd7f6
32.Qe3e5 Kg7
33.h5 Rb8c8
34.Rh1g1 Rc8c2
35.Kd3 Rc2h2
36.hxg6 Rh2h3
37.Kc2 Rd8c8
38.Kb2 Rh3h2
39.Rg1g2 Rh2xg2
40.Rg5xg2 hxg6
41.Rg2d2 Rc8d8
42.Qe5c5 Kg8
43.Qc5b6 Rd8d7
44.Qb6xa6 Nf6e4
45.Qa6c8 { resign }
1-0

[Event "Match"]
[Site "www.echecsemail.com"]
[Date "2018.03.16"]
[Round "1"]
[White "Whitekknight"]
[Black "Apdash"]
[WhiteElo "1920"]
[BlackElo "2210"]
[Result "0-1"]
[Round "1"]
1.d4 d5
2.e4 dxe4
3.Nb1c3 Ng8f6
4.f3 exf3
5.Qd1xf3 Nb8c6
6.Bc1e3 Bc8g4
7.Qf3f2 a6
8.Ng1f3 e6
9.a3 Bf8d6
10.O-O-O b5
11.Bf1e2 b4
12.Nc3b1 bxa3
13.bxa3 Qd8e7
14.Rd1d3 Ra8b8
15.h3 Nf6e4
16.Qf2g1 Ne4g3
17.Qg1e1 Bg4f5
18.Rd3c3 Ng3xh1
19.Qe1xh1 Bf5e4
20.Kd2 O-O
21.Be2d3 Be4xd3
22.Kxd3 Rb8b2
23.Rc3xc6 Rf8b8
24.Nf3d2 Bd6xa3
25.Nd2c4 Rb2xb1
26.Qh1h2 Ba3d6
27.g3 Qe7f6
28.Qh2g2 Qf6f5
29.Ke2 Qf5xc2
30.Nc4d2 Qc2d1
31.Kd3 Rb1b3
{ resign }
0-1

[Event "Match"]
[Site "www.echecsemail.com"]
[Date "2018.03.16"]
[Round "1"]
[White "Apdash"]
[Black "Jovaras"]
[WhiteElo "2200"]
[BlackElo "2169"]
[Result "0-1"]
[Round "1"]
1.e4 c5
2.Ng1f3 d6
3.Bf1c4 e6
4.d4 cxd4
5.Nf3xd4 Ng8f6
6.Qd1e2 Bf8e7
7.Nb1c3 O-O
8.Bc1e3 a6
9.a4 Bc8d7
10.O-O Nb8c6
11.f4 Ra8c8
12.Bc4b3 Nc6a5
13.e5 Na5xb3
14.exf6 Nb3xd4
15.Be3xd4 Be7xf6
16.Bd4xf6 Qd8xf6
17.Nc3e4 Qf6xb2
18.Ne4xd6 Rc8xc2
19.Qe2g4 Qb2b6
20.Kh1 Qb6xd6
21.a5 Bd7c6
22.Rf1g1 Rc2c4
23.Ra1f1 Qd6d4
24.h4 e5
{ resign }
0-1

[Event "Match"]
[Site "www.echecsemail.com"]
[Date "2018.03.16"]
[Round "1"]
[White "Add"]
[Black "Ericleo1980"]
[WhiteElo "2130"]
[BlackElo "2230"]
[Result "0-1"]
[Round "1"]
1.e4 c5
2.Ng1f3 d6
3.h3 Ng8f6
4.Nb1c3 e6
5.d4 cxd4
6.Nf3xd4 a6
7.Bf1d3 b5
8.a3 Bc8b7
9.O-O Qd8c7
10.Nd4f3 Bf8e7
11.Rf1e1 O-O
12.Bc1g5 Nb8d7
13.Qd1d2 Rf8e8
14.Bg5e3 d5
15.exd5 Nf6xd5
16.Nc3xd5 Bb7xd5
17.Nf3h2 Nd7f6
18.Be3f4 Qc7c6
19.f3 Be7c5
20.Bf4e3 Ra8c8
21.Be3xc5 Qc6xc5
22.Kh1 h6
23.Nh2f1 Nf6h5
24.b4 Qc5c6
25.Qd2f2 Nh5f4
26.Nf1e3 Nf4xd3
27.cxd3 Re8d8
28.Ne3xd5 Rd8xd5
29.Qf2e3 Qc6d6
30.Re1d1 Rc8d8
31.Qe3e2 Rd5xd3
32.Rd1xd3 Qd6xd3
33.Qe2xd3 Rd8xd3
34.Kh2 Rd3b3
35.Ra1a2 h5
36.Kg3 e5
37.Kf2 h4
38.Ke2 f5
39.Kd2 Kf7
40.Kc2 Rb3e3
41.Kd2 Re3b3
42.Kc2 Rb3e3
43.Kd2 f4
44.a4 Re3b3
45.axb5 axb5
46.Kc2 Rb3xb4
47.Ra2b2 Rb4xb2
48.Kxb2 Ke6
49.Kc3 Kd5
50.Kb4 e4
51.fxe4 Kxe4
52.Kxb5 Ke3
{ resign }
0-1

[Event "Match"]
[Site "www.echecsemail.com"]
[Date "2018.03.16"]
[Round "1"]
[White "Muderfuger"]
[Black "Dussek"]
[WhiteElo "1500"]
[BlackElo "1780"]
[Result "0-1"]
[Round "1"]
1.Ng1h3 d5
2.d4 Ng8f6
3.Nb1c3 Bc8f5
4.Nh3f4 e6
5.e4 Nf6xe4
6.f3 Ne4xc3
7.bxc3 Bf8d6
8.Bf1b5 c6
9.Bb5a4 O-O
10.O-O Nb8d7
11.g4 Bf5g6
12.h4 h6
13.Nf4xg6 fxg6
14.f4 Bd6xf4
15.Bc1xf4 Nd7f6
16.Rf1e1 Nf6e4
17.c4 Ne4c3
18.Qd1d3 Nc3xa4
19.Bf4e5 Na4b2
20.Qd3xg6 Qd8e7
21.cxd5 exd5
22.Be5d6 Qe7f6
23.Qg6xf6 Rf8xf6
24.Bd6e5 Rf6f7
25.c4 Nb2xc4
 { time }
0-1

[Event "Match"]
[Site "www.echecsemail.com"]
[Date "2018.03.16"]
[Round "1"]
[White "Gidi5"]
[Black "Aperturaf"]
[WhiteElo "2260"]
[BlackElo "2690"]
[Result "0-1"]
[Round "1"]
1.e4 e6
2.d4 d5
3.Nb1c3 Ng8f6
4.Bc1g5 Bf8b4
5.e5 h6
6.Bg5xf6 gxf6
7.Qd1g4 c5
8.Qg4g7 Rh8f8
9.a3 Qd8a5
10.axb4 Qa5xa1
11.Nc3d1 fxe5
12.dxc5 Qa1a4
13.c3 a5
14.Qg7xe5 axb4
15.Ng1f3 Nb8c6
16.Qe5h5 bxc3
17.bxc3 Qa4e4
18.Nd1e3 Ra8a1
19.Kd2 Qe4b1
{ resign }
0-1

[Event "Match"]
[Site "www.echecsemail.com"]
[Date "2018.03.16"]
[Round "1"]
[White "Libiesse"]
[Black "Muderfuger"]
[WhiteElo "1870"]
[BlackElo "1570"]
[Result "1-0"]
[Round "1"]
1.d4 Ng8f6
2.c4 Nf6g4
3.Nb1c3 e6
4.Ng1f3 Bf8b4
5.h3 Ng4f6
6.Qd1b3 a5
7.Bc1f4 O-O
8.a3 Bb4d6
9.Bf4g5 h6
10.Bg5h4 g5
11.Bh4g3 b5
12.Bg3xd6 cxd6
13.Qb3xb5 Bc8a6
14.Qb5b3 g4
15.hxg4 Nf6xg4
16.Nc3b5 d5
17.Nf3e5  { time }
1-0

[Event "1/64 Finale"]
[Site "www.chess-mail.com"]
[Date "2018.03.16"]
[Round "1"]
[White "Sahlapalat"]
[Black "Asoka"]
[WhiteElo "2080"]
[BlackElo "2660"]
[Result "0-1"]
[Round "1"]
1.d4 Ng8f6
2.c4 e6
3.Nb1c3 Bf8b4
4.e3 O-O
5.Bf1d3 d5
6.Ng1f3 b6
7.O-O Bc8a6
8.cxd5 exd5
9.Bd3xa6 Nb8xa6
10.Bc1d2 Rf8e8
11.Ra1c1 Qd8c8
12.a3 Bb4xc3
13.Bd2xc3 Qc8b7
14.b3 Ra8c8
15.Bc3b2 Nf6e4
16.Qd1d3 c6
17.Rf1d1 Na6c7
18.Nf3d2 Ne4f6
19.Rc1c2 Nf6e4
20.Nd2f1 a5
21.Rd1c1 Nc7e6
22.a4 g6
23.Bb2a3 h5
24.f3 Ne4f6
25.h4 Ne6g7
26.Ba3d6 Nf6d7
27.e4 dxe4
28.fxe4 Nd7f6
29.Nf1g3 Nf6g4
30.e5 c5
31.dxc5 bxc5
32.Rc2xc5 Qb7a7
33.Kf1 Ng7e6
34.Qd3b5 Ne6xc5
35.Bd6xc5 Re8xe5
36.Bc5xa7 Rc8xc1
{ resign }
0-1

[Event "Tourn. n9747"]
[Site "www.chess-mail.com"]
[Date "2018.03.17"]
[Round "1"]
[White "Pachi"]
[Black "Caroluigi"]
[WhiteElo "1700"]
[BlackElo "1800"]
[Result "0-1"]
[Round "1"]
1.e4 e5
2.Ng1f3 Nb8c6
3.Bf1b5 Ng8f6
4.Bb5xc6 dxc6
5.O-O Bf8d6
6.c3 O-O
7.d4 Bc8g4
8.Bc1g5 Rf8e8
9.Qd1b3 Bg4xf3
10.gxf3 h6
11.Bg5xf6 Qd8xf6
12.c4 exd4
13.Rf1d1 b6
14.Rd1e1 Qf6h4
15.Kf1 Qh4xh2
16.Ke2 Ra8d8
17.Nb1d2 d3
18.Kd1 Qh2xf2
19.Qb3xd3 Bd6f4
20.Re1e2 Rd8xd3
21.Re2xf2 Re8d8
22.Ke1 Rd3xd2
23.Rf2f1 Bf4g3
{ resign }
0-1

[Event "Tourn. n9713"]
[Site "www.chess-mail.com"]
[Date "2018.03.17"]
[Round "1"]
[White "Aljekiene"]
[Black "Julian"]
[WhiteElo "2059"]
[BlackElo "1800"]
[Result "0-1"]
[Round "1"]
1.e4 e5
2.Ng1f3 Nb8c6
3.Bf1b5 d6
4.Bb5xc6 bxc6
5.d4 Bc8g4
6.dxe5 dxe5
7.O-O Qd8xd1
8.Rf1xd1 Bf8d6
9.Nb1d2 Ng8f6
10.Nd2c4 O-O
11.Nc4xd6 cxd6
12.Rd1xd6 Nf6xe4
13.Rd6xc6 Ra8c8
14.Rc6xc8 Rf8xc8
15.Nf3xe5 Bg4e6
16.f3 Ne4f6
17.c3 Rc8d8
18.Bc1g5 h6
19.Bg5xf6 gxf6
 { time }
0-1

[Event "Tourn. n9734"]
[Site "www.chess-mail.com"]
[Date "2018.03.17"]
[Round "1"]
[White "Piekki"]
[Black "Apdash"]
[WhiteElo "2190"]
[BlackElo "2220"]
[Result "0-1"]
[Round "1"]
1.e4 c5
2.Ng1f3 e6
3.d4 cxd4
4.Nf3xd4 Nb8c6
5.Nb1c3 Bf8b4
6.Bc1e3 Ng8f6
7.Bf1d3 Bb4xc3
8.bxc3 d5
9.exd5 Nf6xd5
10.Nd4xc6 bxc6
11.Be3d2 a5
12.O-O Qd8f6
13.Bd3e4 Bc8a6
14.Rf1e1 O-O
15.Be4d3 Ba6xd3
16.cxd3 Nd5xc3
17.Bd2xc3 Qf6xc3
18.Ra1c1 Qc3a3
19.Re1e2 Rf8d8
20.d4 Ra8b8
21.Re2c2 Rb8b4
22.Rc2d2 h6
23.g3 Qa3a4
24.Qd1e2 Rb4xd4
{ resign }
0-1

[Event "Tourn. n9767"]
[Site "www.chess-mail.com"]
[Date "2018.03.17"]
[Round "1"]
[White "Attatroll"]
[Black "Gilliere"]
[WhiteElo "2010"]
[BlackElo "2030"]
[Result "1-0"]
[Round "1"]
1.e4 c5
2.b4 cxb4
3.a3 Ng8f6
4.e5 Qd8a5
5.Bc1b2 Nf6d5
6.d4 Nb8c6
7.Qd1d2 e6
8.axb4 Qa5xb4
9.Qd2xb4 Nd5xb4
10.Nb1a3 a6
11.Ng1f3 Bf8e7
12.Bf1c4 O-O
13.O-O b5
14.Bc4b3 Bc8b7
15.Ra1c1 Nc6d8
16.h3 Bb7xf3
17.gxf3 Be7g5
18.Rc1d1 Nb4c6
19.Kg2 Bg5f4
20.d5 Nc6xe5
21.dxe6 dxe6
22.Rf1e1 Nd8c6
23.Re1e4 g5
24.Rd1e1 Ne5g6
25.Re4xe6 fxe6
26.Re1xe6 Rf8c8
27.Re6e8 
1-0

[Event "Match"]
[Site "www.echecsemail.com"]
[Date "2018.03.17"]
[Round "1"]
[White "Bojan"]
[Black "Ssharp"]
[WhiteElo "1860"]
[BlackElo "2280"]
[Result "1-0"]
[Round "1"]
1.e4 e5
2.Bf1c4 Ng8f6
3.Nb1c3 Bf8c5
4.f3 Bc5xg1
5.Rh1xg1 O-O
6.a3 c6
7.d4 exd4
8.Qd1xd4 d6
9.Bc1g5 Nb8d7
10.O-O-O b5
11.Bc4b3 d5
12.exd5 c5
13.Qd4f2 c4
14.Bb3a2 Qd8a5
15.Qf2d2 b4
16.axb4 Qa5xb4
17.Bg5xf6 Nd7xf6
18.Qd2d4 Ra8b8
19.Nc3e4 Nf6d7
20.Ba2xc4 Nd7b6
21.Bc4b3 Qb4a5
22.Kb1 Rf8d8
23.Rd1d3 h6
24.Rg1d1 Bc8a6
25.Rd3c3 Ba6b7
26.Rc3c5 Qa5a6
27.Ne4c3 Nb6d7
28.Rc5c4 Nd7b6
29.Rc4c7 Nb6c8
30.Qd4f4 Qa6d6
31.Qf4xf7 { resign }
1-0

[Event "Match"]
[Site "www.echecsemail.com"]
[Date "2018.03.17"]
[Round "1"]
[White "Mdesouza"]
[Black "Stevep84"]
[WhiteElo "2300"]
[BlackElo "2240"]
[Result "0-1"]
[Round "1"]
1.e4 c6
2.d4 d5
3.exd5 cxd5
4.Bf1d3 Nb8c6
5.Ng1f3 Ng8f6
6.h3 e6
7.O-O Bf8d6
8.Bc1g5 h6
9.Bg5h4 O-O
10.c3 Bc8d7
11.Nb1d2 Bd6e7
12.Qd1e2 Ra8c8
13.Nf3e5 Bd7e8
14.Nd2f3 Nc6xe5
15.Nf3xe5 Nf6d7
16.Bh4g3 Nd7xe5
17.Bg3xe5 Be7f6
18.f4 Bf6xe5
19.fxe5 Qd8g5
20.Rf1f3 f6
21.Ra1f1 Be8h5
22.g4 f5
23.Bd3xf5 exf5
24.Rf3xf5 Rf8xf5
25.Rf1xf5 Qg5c1
26.Kh2 Bh5g6
27.Rf5f2 Qc1b1
28.Qe2f3 Bg6e4
29.Qf3f7 Kh8
30.e6 Qb1h1
31.Kg3 Qh1g1
32.Kh4 Rc8c7
33.Rf2f5 Qg1e1
34.Kh5 Rc7xf7
35.exf7 Kh7
36.f8N Kg8
37.Nf8g6 Be4xf5
38.Ng6e7 Qe1xe7
{ resign }
0-1

[Event "Match"]
[Site "www.echecsemail.com"]
[Date "2018.03.17"]
[Round "1"]
[White "Karlgrocer"]
[Black "Lcbunghai"]
[WhiteElo "2030"]
[BlackElo "2040"]
[Result "1/2-1/2"]
[Round "1"]
1.Ng1f3 Ng8f6
2.d4 d5
3.e3 g6
4.Bf1e2 Bf8g7
5.O-O O-O
6.Nb1d2 b6
7.b3 Bc8b7
8.Bc1b2 Nb8d7
9.Ra1b1 c5
10.c4 Nf6e4
11.Nd2xe4 dxe4
12.Nf3e1 Qd8c7
13.g3 Ra8d8
14.d5 Bg7xb2
15.Rb1xb2 Qc7e5
16.Rb2d2 Nd7f6
17.Ne1g2 Qe5c7
18.Ng2f4 Nf6e8
19.Qd1c2 Ne8d6
20.Rf1d1 a5
21.a4 Bb7c8
22.Qc2c3 Qc7a7
23.Kg2 h6
24.Kg1 Kh7
25.Qc3e5 Qa7b7
26.Nf4g2 f5
27.Ng2f4 Nd6f7
28.Qe5c3 Qb7c7
29.Nf4g2 Nf7d6
30.Qc3e5 Rf8f6
31.Ng2f4 Rd8f8
32.Be2f1 Rf8f7
33.Kg2 Rf7f8
34.h4 Rf8f7
35.Bf1e2 Rf7f8
36.Rd1h1 Rf8g8
37.Rh1h2 h5
38.Nf4h3 Rg8g7
39.Nh3g5 Kg8
40.f4 Kf8
41.Rh2h1 Kg8
42.Rh1d1 Kf8
43.Qe5c3 Kg8
44.Qc3e5 Kf8
45.Be2f1 Kg8
46.Bf1e2 Kf8
47.Be2f1 Kg8
48.Bf1e2 { draw }
1/2-1/2

[Event "Match"]
[Site "www.echecsemail.com"]
[Date "2018.03.17"]
[Round "1"]
[White "Pinehill"]
[Black "Apdash"]
[WhiteElo "2060"]
[BlackElo "2170"]
[Result "0-1"]
[Round "1"]
1.e4 c5
2.Ng1f3 Nb8c6
3.a3 e6
4.b4 cxb4
5.axb4 Bf8xb4
6.c3 Bb4e7
7.d4 a6
8.Bf1b5 Ng8f6
9.Nb1d2 O-O
10.Bb5d3 Qd8c7
11.O-O d6
12.Bc1b2 Bc8d7
13.Qd1c2 e5
14.d5 Nc6a7
15.c4 Bd7g4
16.h3 Bg4h5
17.g4 Bh5g6
18.Kh2 Ra8c8
19.Nf3h4 b5
20.Ra1xa6 bxc4
21.Rf1c1 Nf6xg4
22.hxg4 Be7xh4
23.Nd2xc4 Bh4g5
24.Nc4e3 Qc7xc2
25.Rc1xc2 Rc8xc2
26.Bd3xc2 Na7b5
27.Ne3f5 Bg6xf5
28.gxf5 Bg5f4
29.Kh3 g5
30.Ra6b6 Nb5d4
31.Bc2d1 Rf8d8
32.Bb2a3 Rd8c8
33.Ba3xd6 Kg7
34.Bd1h5 Rc8d8
35.Kg4 Rd8d7
36.Bd6c5 h6
37.Kh3 Bf4d2
38.Bh5d1 Bd2a5
39.Rb6b8 Ba5d8
40.Bc5xd4 exd4
41.Kg4 Bd8f6
42.f3 Rd7a7
43.Bd1b3 Bf6e5
44.Rb8e8 Kf6
45.Kh5 Ra7a3
46.Bb3d1 Ra3a1
47.Bd1b3 Ra1h1
48.Kg4 h5

0-1

[Event "Match"]
[Site "www.echecsemail.com"]
[Date "2018.03.17"]
[Round "1"]
[White "Darknight"]
[Black "Paco"]
[WhiteElo "1720"]
[BlackElo "2050"]
[Result "0-1"]
[Round "1"]
1.e4 e5
2.Bf1c4 Qd8g5
3.Qd1f3 Ng8f6
4.h3 a6
5.Nb1c3 b5
6.Bc4d5 c6
7.Bd5b3 c5
8.a3 Bc8b7
9.d3 Qg5g6
10.g4 Nb8c6
11.Ng1e2 Bf8d6
12.g5 Nc6d4
13.Ne2xd4 cxd4
14.Nc3e2 Nf6xe4
15.Ne2g3 Ne4c5
16.Bb3xf7 Qg6xf7
17.Qf3xf7 Kxf7
18.Ng3f5 Bb7xh1
19.Nf5xd6 Ke6
20.Nd6e4 Nc5xe4
21.dxe4 Bh1xe4
22.Kd2 Rh8f8
23.Ke2 Ra8c8
24.c3 d3
25.Ke3 Kd5
26.Bc1d2 Rf8f3

0-1

[Event "Match"]
[Site "www.echecsemail.com"]
[Date "2018.03.17"]
[Round "1"]
[White "Traub"]
[Black "Muderfuger"]
[WhiteElo "1480"]
[BlackElo "1629"]
[Result "1-0"]
[Round "1"]
1.e4 Ng8h6
2.f4 e6
3.Ng1f3 Bf8c5
4.d4 Bc5b4
5.c3 Bb4a5
6.Bc1e3 Nh6g4
7.Qd1d2 Nb8c6
8.h3 Ng4f6
9.Bf1d3 O-O
10.O-O Nf6h5
11.g4 Nh5g3
12.Rf1f2 d5
13.exd5 Qd8xd5
14.Nb1a3 Rf8e8
15.b4 Ba5b6
16.c4 Qd5d6
17.c5  { time }
1-0

[Event "Fast Game"]
[Site "www.echecsemail.com"]
[Date "2018.03.17"]
[Round "1"]
[White "Fegatux"]
[Black "Cal"]
[WhiteElo "1599"]
[BlackElo "1710"]
[Result "1-0"]
[Round "1"]
1.d4 d5
2.c4 dxc4
3.e3 b5
4.a4 b4
5.Bf1xc4 Ng8f6
6.Ng1f3 c6
7.O-O e6
8.b3 Bc8b7
9.Nb1d2 Bf8d6
10.Nf3g5 h6
11.Ng5e4 Nf6h7
12.Ne4xd6 Qd8xd6
13.Nd2e4 Qd6e7
14.a5 O-O
15.a6 Bb7c8
16.Bc1d2 Nb8d7
17.Qd1e1 Nd7b6
18.Bd2xb4 Qe7d7
19.Bb4xf8 Nh7xf8
20.Ne4c5 Qd7e7
21.Bc4e2 Nb6d5
22.Qe1d2  { time }
1-0